Subur, subur, suburlah PKI (Record no. 88529)

MARC details
000 -LEADER
fixed length control field 00622cam a22002051 4500
001 - CONTROL NUMBER
control field sa 68018597
003 - CONTROL NUMBER IDENTIFIER
control field DLC
005 - DATE AND TIME OF LATEST TRANSACTION
control field 20260227112713.0
008 - FIXED-LENGTH DATA ELEMENTS--GENERAL INFORMATION
fixed length control field 720824s1965 xx 000 0 ind
010 ## - LIBRARY OF CONGRESS CONTROL NUMBER
LC control number sa 68018597
035 ## - SYSTEM CONTROL NUMBER
System control number (OCoLC)390063
040 ## - CATALOGING SOURCE
Original cataloging agency DLC
Transcribing agency OAU
Modifying agency DLC
042 ## - AUTHENTICATION CODE
Authentication code premarc
050 00 - LIBRARY OF CONGRESS CALL NUMBER
Classification number JQ779.A55
Item number S88
100 0# - MAIN ENTRY--PERSONAL NAME
Personal name Soekarno,
Dates associated with a name 1901-1970.
245 10 - TITLE STATEMENT
Title Subur, subur, suburlah PKI
Statement of responsibility, etc. [oleh] Bung Karno (pidato Presiden Sukarno pada rapat raksasa ulangtahun ke-45 PKI).
260 ## - PUBLICATION, DISTRIBUTION, ETC.
Place of publication, distribution, etc. Djakarta,
Name of publisher, distributor, etc. Jajasan Pembaruan,
Date of publication, distribution, etc. 1965.
300 ## - PHYSICAL DESCRIPTION
Extent 16 p.
Other physical details ports.
Dimensions 18 cm.
610 20 - SUBJECT ADDED ENTRY--CORPORATE NAME
Corporate name or jurisdiction name as entry element Partai Komunis Indonesia.

No items available.

Powered by Koha